Australian cities : issues, strategies and policies for urban Australia in the 1990s
Saved in:
| Other Authors: | |
|---|---|
| Format: | Book |
| Language: | English |
| Published: |
Cambridge :
Cambridge University Press,
c1995
|
| Series: | Reshaping Australian institutions
|
| Subjects: | |
| Tags: |
Add Tag
No Tags, Be the first to tag this record!
|
MARC
| LEADER | 00000nam a2200000 i 4500 | ||
|---|---|---|---|
| 001 | 1/103169 | ||
| 008 | 000301s1995 eng d | ||
| 020 | |a 0-521-48437-5 | ||
| 035 | |l 10058366 | ||
| 040 | |a GR-MY-UA |b gre |e aacr | ||
| 041 | 0 | |a eng | |
| 082 | 0 | |a 307.760994 | |
| 245 | 1 | 0 | |a Australian cities : |b issues, strategies and policies for urban Australia in the 1990s / |c edited by Patrick Troy |
| 260 | |a Cambridge : |b Cambridge University Press, |c c1995 | ||
| 300 | |a 310 p. | ||
| 490 | 1 | |a Reshaping Australian istitution | |
| 504 | |a Includes bibliographical references and index | ||
| 650 | 0 | 0 | |a Cities and towns |z Australia. |
| 650 | 0 | 0 | |a Urban policy |z Australia. |
| 650 | 0 | 0 | |a City planning |z Australia. |
| 700 | 1 | |a Troy, Patrick Nicol. |4 edt | |
| 830 | 0 | |a Reshaping Australian institutions | |
| 852 | |a INST |b LESVOS |e 20000301 |h 307.7600994 AUS |p 005100020693 |q 005100020693 |t BK |y 0 | ||
| 901 | |a BIBL1-2000-1 | ||
| 909 | |a Λ |b 074856 | ||
| 922 | |a 1ΕΛΗ |b 200001 |c ΚΠΣ/ΤΚ |d GLORY | ||
| 950 | |a 103-1999-12-8 | ||
| 970 | |a ΤΖΑΦΕΡΗ |b ΕΥΑΓΓΕΛΙΑ |z 2000/03/21 | ||